000
00243nam a2200097Ia 4500
001
918837
005
20250826185940.0
008
250824s9999 xx 000 0 und d
245
0
_a
ÇAKA BEY
_c
AHMET HALDUN TERZİOĞLU
260
_b
PANAMA YAYINLARI
999
_c
918837
_d
918837